| Tag |
First Indicator |
Second Indicator |
Subfields |
| LEADER |
00000cam a2200000 a 4500 |
| 001 |
in00002148708 |
| 005 |
20151103153433.0 |
| 008 |
050329s2006 enk b 001 0 eng |
| 010 |
|
|
|a 2005008610
|
| 015 |
|
|
|a GBA545945
|2 bnb
|
| 016 |
7 |
|
|a 013210089
|2 Uk
|
| 020 |
|
|
|a 0415311713 (hbk. : alk. paper)
|
| 020 |
|
|
|a 0415311721 (pbk. : alk. paper)
|
| 024 |
3 |
|
|a 9780415311717 (hbk. : alk. paper)
|
| 024 |
3 |
|
|a 9780415311724 (pbk. : alk. paper)
|
| 035 |
|
|
|a (OCoLC)ocm58807268
|
| 040 |
|
|
|a DLC
|c DLC
|d UKM
|d BAKER
|d BWKUK
|d UtOrBLW
|
| 049 |
|
|
|a TXAM
|
| 050 |
0 |
0 |
|a PN171.A33
|b S26 2006
|
| 082 |
0 |
0 |
|a 801
|2 22
|
| 100 |
1 |
|
|a Sanders, Julie,
|d 1968-
|
| 245 |
1 |
0 |
|a Adaptation and appropriation /
|c Julie Sanders.
|
| 264 |
|
1 |
|a London ;
|a New York :
|b Routledge,
|c 2006.
|
| 300 |
|
|
|a 184 pages ;
|c 21 cm.
|
| 336 |
|
|
|a text
|b txt
|2 rdacontent
|
| 337 |
|
|
|a unmediated
|b n
|2 rdamedia
|
| 338 |
|
|
|a volume
|b nc
|2 rdacarrier
|
| 490 |
1 |
|
|a The new critical idiom
|
| 504 |
|
|
|a Includes bibliographical references (pages [165]-178) and index.
|
| 650 |
|
0 |
|a Literature
|x Adaptations.
|
| 830 |
|
0 |
|a New critical idiom.
|
| 856 |
4 |
1 |
|3 Table of contents
|u http://www.loc.gov/catdir/toc/ecip0510/2005008610.html
|t 0
|
| 938 |
|
|
|a Baker & Taylor
|b BKTY
|c 80.00
|d 80.00
|i 0415311713
|n 0006410480
|s active
|
| 938 |
|
|
|a Baker & Taylor
|b BKTY
|c 19.95
|d 19.95
|i 0415311721
|n 0006410481
|s active
|
| 945 |
|
|
|i PromptCat
|
| 947 |
|
|
|a A14833220505
|
| 994 |
|
|
|a 92
|b TXA
|
| 948 |
|
|
|a cataloged
|b h
|c 2006/6/1
|d c
|e rbarron
|f 2:07:15 pm
|
| 999 |
|
|
|a MARS
|
| 999 |
f |
f |
|s db1cb3bc-7a37-39a0-b44b-ac0e35cddce2
|i b1952b08-731a-3b0c-a8e0-e3c42119de6f
|t 0
|
| 952 |
f |
f |
|p normal
|a Texas A&M University
|b College Station
|c Sterling C. Evans Library
|d Evans: Library Stacks
|t 0
|e PN171.A33 S26 2006
|h Library of Congress classification
|i unmediated -- volume
|m A14833220505
|
| 998 |
f |
f |
|a PN171.A33 S26 2006
|t 0
|l Evans: Library Stacks
|